[Event "Bangabandhu-chT"]
[Site "Dhaka"]
[Date "2024.02.07"]
[Round "7.3"]
[White "Murshed, Niaz"]
[Black "Md Sajidul, Haque"]
[Result "1-0"]
[WhiteElo "2363"]
[BlackElo "2055"]
[PlyCount "175"]
[EventDate "2024.02.01"]
[EventType "team-tourn"]
[EventRounds "11"]
[EventCountry "BAN"]
[SourceTitle "CB07_2024"]
[SourceDate "2024.02.14"]
[SourceVersion "1"]
[SourceVersionDate "2024.02.14"]
[SourceQuality "1"]
[WhiteTeam "Bangladesh Biman"]
[BlackTeam "Manha's Castle"]
[WhiteTeamCountry "BAN"]
[BlackTeamCountry "BAN"]

1. Nf3 Nf6 2. d4 d5 3. c4 e6 4. Nc3 dxc4 5. Qa4+ Nbd7 6. e4 c6 7. Qxc4 Nb6 8. Qb3 Be7 9. Bf4 a5 10. a3 h6 11. Rd1 0-0 12. Bd3 Re8 13. Bb1 Nbd7 14. h3 Nf8 15. 0-0 Ng6 16. Bh2 b5 17. Rfe1 a4 18. Qc2 Bb7 19. Ne5 Nxe5 20. Bxe5 Nd7 21. Bg3 b4 22. axb4 Bxb4 23. Re3 Qa5 24. e5 Nf8 25. Ne4 c5 26. dxc5 Bd5 27. Rc1 Rec8 28. Qe2 Bxc5 29. Rec3 Bxe4 30. Qxe4 Ra7 31. Kh2 Rac7 32. Rc4 Bb6 33. Rxc7 Rxc7 34. Rxc7 Bxc7 35. Bc2 a3 36. bxa3 Qxa3 37. h4 Bd8 38. h5 Be7 39. f4 Qc1 40. Bf2 Qd2 41. Be1 Qc1 42. Bf2 Qd2 43. Bg1 Ba3 44. Kh3 Qc3+ 45. Qd3 Qa1 46. Bb1 Qb2 47. Be3 Bb4 48. g3 Qa1 49. Bd4 Qa8 50. Kh2 Qd5 51. Qe3 Qb5 52. Bd3 Qd5 53. Be4 Qb5 54. Bc2 Qc4 55. Bb3 Qf1 56. g4 Qe1 57. Qxe1 Bxe1 58. f5 Bd2 59. Kg2 Bc1 60. Bc5 Bb2 61. Bd6 Bc3 62. Kf2 Bd4+ 63. Ke2 Bb2 64. Kd3 Bc1 65. Bc4 Bf4 66. Kd4 Bg3 67. Kc3 Bf2 68. Kb4 Bg3 69. Kb5 Bf4 70. Kc6 Bd2 71. Be7 Bc3 72. Bd6 Bd2 73. Bc5 Bc3 74. Kd6 exf5 75. gxf5 Bb2 76. Ke7 Bxe5 77. Bxf7+ Kh8 78. Kxf8 Bf6 79. Bc4 Kh7 80. Kf7 Kh8 81. Bd6 Kh7 82. Ke6 Kh8 83. Be5 Bxe5 84. Kxe5 Kh7 85. Ke6 Kg8 86. Ke7+ Kh7 87. Kf8 Kh8 88. Bg8 1-0

[Event "Bangabandhu-chT"]
[Site "Dhaka"]
[Date "2024.02.06"]
[Round "6.3"]
[White "Md Sajidul, Haque"]
[Black "Tashriq Saihan, Shan"]
[Result "1-0"]
[WhiteElo "2055"]
[BlackElo "1870"]
[PlyCount "107"]
[EventDate "2024.02.01"]
[EventType "team-tourn"]
[EventRounds "11"]
[EventCountry "BAN"]
[SourceTitle "CB07_2024"]
[SourceDate "2024.02.14"]
[SourceVersion "1"]
[SourceVersionDate "2024.02.14"]
[SourceQuality "1"]
[WhiteTeam "Manha's Castle"]
[BlackTeam "Uttara Central CC"]
[WhiteTeamCountry "BAN"]
[BlackTeamCountry "BAN"]

1. d4 Nf6 2. Nc3 d5 3. Bf4 c5 4. e3 cxd4 5. exd4 a6 6. Nf3 Bg4 7. Be2 Bxf3 8. Bxf3 e6 9. 0-0 Bd6 10. Ne2 0-0 11. b3 Bxf4 12. Nxf4 Qd6 13. Ne2 Nc6 14. Qd2 Rfe8 15. Rad1 b5 16. c3 Rac8 17. h3 Ne7 18. a4 bxa4 19. bxa4 Rc4 20. a5 Ng6 21. Rb1 Rb8 22. g3 h6 23. Qa2 Nd7 24. Rxb8+ Qxb8 25. Rb1 Qc7 26. Kg2 Qc6 27. Rb4 Rxb4 28. cxb4 Ne7 29. Qb3 Nf5 30. h4 Nb8 31. h5 Nd6 32. g4 Nb5 33. Qe3 Qc4 34. g5 hxg5 35. Qxg5 Qxb4 36. Nf4 Nxd4 37. h6 Nf5 38. Qd8+ Kh7 39. hxg7 Nxg7 40. Nh3 Nc6 41. Qf6 Ne7 42. Ng5+ Kh8 43. Qh6+ Kg8 44. Qh7+ Kf8 45. Qh8+ Ng8 46. Nh7+ Ke7 47. Qxg7 Qxa5 48. Qf8+ Kd7 49. Qxg8 Qd8 50. Qxf7+ Qe7 51. Nf8+ Kd6 52. Qf4+ Kc6 53. Ng6 Qe8 54. Qa4+ 1-0

[Event "Bangabandhu-chT"]
[Site "Dhaka"]
[Date "2024.02.05"]
[Round "5.3"]
[White "Diya, Chowdhury"]
[Black "Md Sajidul, Haque"]
[Result "1/2-1/2"]
[WhiteElo "1881"]
[BlackElo "2055"]
[PlyCount "156"]
[EventDate "2024.02.01"]
[EventType "team-tourn"]
[EventRounds "11"]
[EventCountry "BAN"]
[SourceTitle "CB06_2024"]
[SourceDate "2024.02.07"]
[SourceVersion "1"]
[SourceVersionDate "2024.02.07"]
[SourceQuality "1"]
[WhiteTeam "Rupali Bank Krira Parshid"]
[BlackTeam "Manha's Castle"]
[WhiteTeamCountry "BAN"]
[BlackTeamCountry "BAN"]

1. e4 c6 2. d4 d5 3. exd5 cxd5 4. c4 Nf6 5. Nc3 Nc6 6. Bg5 dxc4 7. d5 Ne5 8. Qd4 h6 9. Bf4 Ng6 10. Bxc4 Nxf4 11. Qxf4 g5 12. Qe5 Bg7 13. Nge2 0-0 14. h4 Qd6 15. Qxd6 exd6 16. hxg5 hxg5 17. 0-0-0 Ng4 18. Rhf1 Nh2 19. Rh1 Ng4 20. Rhf1 Bd7 21. Kb1 Rac8 22. Bb5 Rfd8 23. Bxd7 Rxd7 24. Ne4 Re8 25. N2c3 Re5 26. Rd3 Nf6 27. Nxf6+ Bxf6 28. f3 Bd8 29. g4 f5 30. f4 gxf4 31. Rxf4 fxg4 32. Rxg4+ Kf8 33. Rf4+ Ke8 34. Ne4 Be7 35. Nf6+ Bxf6 36. Rxf6 Rc7 37. Rd1 Kd7 38. Rf7+ Re7 39. Rf2 Rc5 40. a3 Re5 41. Rf7+ Re7 42. Rf2 a5 43. Ka2 b5 44. Rh2 Kc7 45. Rg2 Re5 46. Rgd2 Kb6 47. Kb1 Rc4 48. Rh2 Rc5 49. Rh6 Kc7 50. Rh7+ Kd8 51. Rg1 Re7 52. Rh5 a4 53. Rd1 Kc7 54. Rh2 Kb6 55. Rh6 Rd7 56. Rh8 Kc7 57. Rh4 Re7 58. Rh6 Rc4 59. Rg6 Rd7 60. Rg8 Rh7 61. Rg6 Kd7 62. Rg8 Rc8 63. Rg2 Rf8 64. Rg4 Rc8 65. Rf1 Rc5 66. Rd1 Rf7 67. Rg8 Rf5 68. Rg7+ Ke8 69. Rg6 Kd7 70. Rg7+ Ke8 71. Rg6 Rcxd5 72. Rxd6 Rxd1+ 73. Rxd1 Rc5 74. Rc1 Rxc1+ 75. Kxc1 Kd7 76. Kd2 Kd6 77. Kc2 Kc6 78. Kd2 Kd6 1/2-1/2

[Event "Bangabandhu-chT"]
[Site "Dhaka"]
[Date "2024.02.02"]
[Round "2.3"]
[White "Md Sajidul, Haque"]
[Black "Iniyan, Panneerseluam"]
[Result "0-1"]
[WhiteElo "2055"]
[BlackElo "2500"]
[PlyCount "98"]
[EventDate "2024.02.01"]
[EventType "team-tourn"]
[EventRounds "11"]
[EventCountry "BAN"]
[SourceTitle "CB06_2024"]
[SourceDate "2024.02.07"]
[SourceVersion "1"]
[SourceVersionDate "2024.02.07"]
[SourceQuality "1"]
[WhiteTeam "Manha's Castle"]
[BlackTeam "Palli Sanchay Bank"]
[WhiteTeamCountry "BAN"]
[BlackTeamCountry "BAN"]

1. e4 c5 2. Nf3 d6 3. d4 cxd4 4. Nxd4 Nf6 5. f3 e6 6. c4 Be7 7. Nc3 0-0 8. Be3 b6 9. Be2 Bb7 10. 0-0 Nc6 11. Qd2 Nxd4 12. Qxd4 Nd7 13. Rad1 Qb8 14. Kh1 Rd8 15. Qd2 a6 16. Rc1 Bc6 17. b4 Rc8 18. Rfd1 Ne5 19. Qd4 Be8 20. f4 Ng6 21. a4 Qb7 22. Rf1 Rab8 23. a5 bxa5 24. bxa5 Qc6 25. Qd2 Bd8 26. Ra1 Bf6 27. Bb6 Bxc3 28. Qxc3 Qxe4 29. Bf3 Qxc4 30. Qxc4 Rxc4 31. Be2 Rc2 32. Bxa6 Bc6 33. Rfc1 Bxg2+ 34. Kg1 Rxc1+ 35. Rxc1 Bd5 36. Bc7 Rb2 37. Bxd6 h5 38. Bd3 Rg2+ 39. Kf1 Rxh2 40. Rc8+ Kh7 41. Bxg6+ fxg6 42. a6 Ra2 43. Rc7 h4 44. Rc3 Kh6 45. Ba3 Kh5 46. a7 Kg4 47. Rd3 Bg2+ 48. Kg1 h3 49. Rc3 Bd5 0-1

[Event "Dhaka op"]
[Site "Dhaka"]
[Date "2024.01.17"]
[Round "3"]
[White "Md Sajidul, Haque"]
[Black "Anata, Choudhury"]
[Result "1-0"]
[WhiteElo "1922"]
[BlackElo "2196"]
[PlyCount "127"]
[EventDate "2024.01.15"]
[EventType "swiss"]
[EventRounds "9"]
[EventCountry "BAN"]
[SourceTitle "CB05_2024"]
[SourceDate "2024.01.31"]
[SourceVersion "1"]
[SourceVersionDate "2024.01.31"]
[SourceQuality "1"]

1. e4 c5 2. Nf3 d6 3. d4 cxd4 4. Nxd4 Nf6 5. f3 e5 6. Nb3 Be7 7. c4 a5 8. Be3 a4 9. N3d2 0-0 10. Nc3 Qa5 11. Rc1 Bd8 12. c5 dxc5 13. Nc4 Qc7 14. Nb5 Qe7 15. Nbd6 Nbd7 16. Nf5 Qe6 17. Ncd6 b5 18. Bxb5 Ba5+ 19. Kf2 Ba6 20. Bxa4 Qxa2 21. Qb3 Qxb3 22. Ne7+ Kh8 23. Bxb3 Ng8 24. Nc6 c4 25. Bxc4 Bxc4 26. Rxc4 Bc7 27. Nxe5 Bxd6 28. Nxd7 Rfd8 29. Nb6 Ra2 30. Bd4 Ne7 31. Ke2 Ng6 32. g3 h5 33. f4 Kh7 34. Kf3 Bb8 35. Nd5 Ba7 36. Nb4 Rxd4 37. Rxd4 Rxb2 38. Nd3 Bxd4 39. Nxb2 Bxb2 40. Rb1 Ba3 41. Ra1 Bb2 42. Ra5 Kh6 43. Rb5 Bc3 44. e5 Bd4 45. Rd5 Bc3 46. Rc5 Bb4 47. Rc4 Ba5 48. Ke4 Nf8 49. Ra4 Bc7 50. Ra7 Ne6 51. f5 Ng5+ 52. Kd5 Bxe5 53. Kxe5 f6+ 54. Kd6 Nf3 55. h4 Nd4 56. Ra5 Ne2 57. Ke6 Nxg3 58. Kf7 Kh7 59. Kf8 Kh8 60. Rd5 Kh7 61. Kf7 Ne4 62. Rd3 Nf2 63. Rd7 Ng4 64. Kf8 1-0

[Event "BAN-chB 47th"]
[Site "Dhaka"]
[Date "2022.11.06"]
[Round "11"]
[White "Md Abzid, Rahman"]
[Black "Md Sajidul, Haque"]
[Result "0-1"]
[WhiteElo "2045"]
[BlackElo "2010"]
[PlyCount "116"]
[EventDate "2022.10.27"]
[EventType "swiss"]
[EventRounds "11"]
[EventCountry "BAN"]
[SourceTitle "EXT 2024"]
[Source "ChessBase"]
[SourceDate "2023.10.10"]
[SourceVersion "1"]
[SourceVersionDate "2023.10.10"]
[SourceQuality "1"]

1. d4 d5 2. c4 c6 3. Nc3 Nf6 4. Nf3 e6 5. Bg5 Nbd7 6. e3 Qa5 7. Qc2 Bb4 8. Nd2 dxc4 9. Bxf6 Nxf6 10. Nxc4 Qc7 11. Be2 0-0 12. 0-0 b6 13. Ne5 Bb7 14. Rac1 Rac8 15. Bf3 Bd6 16. Qa4 Bxe5 17. dxe5 Nd7 18. Nb5 cxb5 19. Rxc7 bxa4 20. Rxb7 Nxe5 21. Rxa7 Rc2 22. Rxa4 Rxb2 23. Bd1 Rd8 24. Bb3 h5 25. h3 Rdd2 26. Rd4 Rxd4 27. exd4 Nc6 28. d5 exd5 29. Bxd5 Nb4 30. Rd1 Nxa2 31. Ra1 Nc3 32. Ra8+ Kh7 33. Bxf7 Ne2+ 34. Kh2 h4 35. Ra4 g5 36. Ra2 Rxa2 37. Bxa2 Nc3 38. Bb3 Kg6 39. g3 Kf5 40. Kg2 Ne2 41. Bc4 Nd4 42. Bd3+ Ke5 43. Bb1 b5 44. f3 Nf5 45. gxh4 gxh4 46. Kf2 Kf4 47. Ke2 Nd4+ 48. Kd3 Nxf3 49. Ba2 Ng5 50. Kc3 Kg3 51. Bb1 Kxh3 52. Bf5+ Kg3 53. Kb4 Nf3 54. Bd7 Ne5 55. Bc8 Ng4 56. Kxb5 h3 57. Kc5 h2 58. Bb7 Ne3 0-1

[Event "BAN-chB 47th"]
[Site "Dhaka"]
[Date "2022.11.05"]
[Round "10"]
[White "Md Sajidul, Haque"]
[Black "Md, Hasan"]
[Result "1-0"]
[WhiteElo "2010"]
[BlackElo "1795"]
[PlyCount "69"]
[EventDate "2022.10.27"]
[EventType "swiss"]
[EventRounds "11"]
[EventCountry "BAN"]
[SourceTitle "EXT 2024"]
[Source "ChessBase"]
[SourceDate "2023.10.10"]
[SourceVersion "1"]
[SourceVersionDate "2023.10.10"]
[SourceQuality "1"]

1. e4 d5 2. exd5 Nf6 3. Bb5+ Nbd7 4. c4 g6 5. Nc3 Bg7 6. Nf3 0-0 7. Ba4 Nc5 8. Bc2 e6 9. d4 Na6 10. dxe6 Bxe6 11. d5 Bg4 12. h3 Re8+ 13. Be3 Bd7 14. 0-0 c6 15. Qd2 cxd5 16. cxd5 Qa5 17. Bd4 Qb4 18. a3 Qd6 19. Rfe1 Rad8 20. Be5 Qf8 21. Qd4 Nh5 22. g4 Bxe5 23. Nxe5 Ng7 24. Ne4 f5 25. Nxd7 Rxd7 26. Nf6+ Qxf6 27. Qxf6 Rf8 28. Qe5 Nc5 29. b4 Ne4 30. Bxe4 fxe4 31. Rxe4 Rdf7 32. f4 h5 33. Rae1 hxg4 34. hxg4 Re8 35. Qxe8+ 1-0

[Event "BAN-chB 47th"]
[Site "Dhaka"]
[Date "2022.11.01"]
[Round "6"]
[White "Md Sajidul, Haque"]
[Black "Nayem, Haque"]
[Result "1/2-1/2"]
[WhiteElo "2010"]
[BlackElo "2189"]
[PlyCount "63"]
[EventDate "2022.10.27"]
[EventType "swiss"]
[EventRounds "11"]
[EventCountry "BAN"]
[SourceTitle "EXT 2024"]
[Source "ChessBase"]
[SourceDate "2023.10.10"]
[SourceVersion "1"]
[SourceVersionDate "2023.10.10"]
[SourceQuality "1"]

1. d4 Nf6 2. Nf3 e6 3. Bf4 d5 4. e3 Bd6 5. Bg3 c5 6. c3 Qc7 7. Nbd2 Nbd7 8. Bd3 0-0 9. 0-0 e5 10. dxe5 Nxe5 11. Nxe5 Bxe5 12. Qc2 Bxg3 13. hxg3 Be6 14. Rfe1 Rad8 15. Rad1 h6 16. e4 d4 17. cxd4 Rxd4 18. Nf3 Rd7 19. Bc4 Re8 20. Rxd7 Nxd7 21. Bxe6 fxe6 22. e5 Re7 23. g4 Qd8 24. Qe4 Nf8 25. g5 hxg5 26. Nxg5 Qd2 27. Re3 Qd1+ 28. Kh2 Qh5+ 29. Nh3 Rf7 30. g4 Qg6 31. Qxg6 Nxg6 32. Kg3 1/2-1/2

[Event "BAN-chB 47th"]
[Site "Dhaka"]
[Date "2022.10.29"]
[Round "3"]
[White "Mohammad Fahad, Rahman"]
[Black "Md Sajidul, Haque"]
[Result "1-0"]
[WhiteElo "2385"]
[BlackElo "2010"]
[PlyCount "35"]
[EventDate "2022.10.27"]
[EventType "swiss"]
[EventRounds "11"]
[EventCountry "BAN"]
[SourceTitle "EXT 2024"]
[Source "ChessBase"]
[SourceDate "2023.10.10"]
[SourceVersion "1"]
[SourceVersionDate "2023.10.10"]
[SourceQuality "1"]

1. d4 d5 2. c4 e6 3. Nf3 Nf6 4. Nc3 Be7 5. Bf4 c6 6. e3 Nbd7 7. Qc2 b6 8. cxd5 cxd5 9. Nb5 Bb4+ 10. Kd1 Kf8 11. a3 Be7 12. Bc7 Qe8 13. Qc6 Ne4 14. Qxa8 Nxf2+ 15. Ke1 Nxh1 16. Nd6 Bxd6 17. Bxd6+ Kg8 18. Ba6 1-0

[Event "Dhaka Metropolis op U2100"]
[Site "Dhaka"]
[Date "2022.10.24"]
[Round "8"]
[White "Sadnan Hasan, Dihan"]
[Black "Md Sajidul, Haque"]
[Result "1/2-1/2"]
[WhiteElo "2073"]
[BlackElo "2010"]
[PlyCount "72"]
[EventDate "2022.10.17"]
[EventType "swiss"]
[EventRounds "9"]
[EventCountry "BAN"]
[SourceTitle "EXT 2024"]
[Source "ChessBase"]
[SourceDate "2023.10.10"]
[SourceVersion "1"]
[SourceVersionDate "2023.10.10"]
[SourceQuality "1"]

1. b3 d5 2. Bb2 c5 3. Nf3 Nc6 4. e3 Nf6 5. Be2 Qc7 6. d4 cxd4 7. exd4 Bf5 8. a3 Rc8 9. c4 e6 10. c5 b6 11. b4 Be7 12. 0-0 0-0 13. Qa4 Ne4 14. Bb5 Bf6 15. Qb3 Rb8 16. Bxc6 Qxc6 17. b5 bxc5 18. a4 a6 19. Na3 axb5 20. axb5 Nd6 21. dxc5 Nxb5 22. Bxf6 gxf6 23. Nxb5 Qxb5 24. Qe3 Qd3 25. Nd4 Bg6 26. Rfc1 Rfc8 27. Ra3 Qxe3 28. fxe3 e5 29. Nb3 Bd3 30. Na5 Be4 31. Nb3 Kf8 32. Nd2 Rb5 33. Nxe4 dxe4 34. Ra4 Rbxc5 35. Rxc5 Rxc5 36. Rxe4 Rc2 1/2-1/2

[Event "Dhaka Metropolis op U2100"]
[Site "Dhaka"]
[Date "2022.10.21"]
[Round "5"]
[White "Rubel, Hossen"]
[Black "Md Sajidul, Haque"]
[Result "1/2-1/2"]
[WhiteElo "1781"]
[BlackElo "2010"]
[PlyCount "117"]
[EventDate "2022.10.17"]
[EventType "swiss"]
[EventRounds "9"]
[EventCountry "BAN"]
[SourceTitle "EXT 2024"]
[Source "ChessBase"]
[SourceDate "2023.10.10"]
[SourceVersion "1"]
[SourceVersionDate "2023.10.10"]
[SourceQuality "1"]

1. d4 Nf6 2. Nf3 d5 3. Bf4 e6 4. e3 Bd6 5. Bg3 c5 6. c3 Nc6 7. Nbd2 0-0 8. Bd3 Qe7 9. Ne5 Nd7 10. Nxd7 Bxd7 11. Bxd6 Qxd6 12. dxc5 Qe7 13. b4 Qf6 14. Rc1 Ne5 15. Nf3 Ng6 16. 0-0 a5 17. a3 axb4 18. axb4 Ra3 19. Qd2 Rd8 20. Nd4 e5 21. Nb5 Ra4 22. Nd6 b6 23. Bxg6 Qxg6 24. Qxd5 Bh3 25. Qf3 bxc5 26. Qxh3 Qxd6 27. bxc5 Qxc5 28. Qf3 Rc4 29. Rfd1 Rc8 30. Rd7 f6 31. Qb7 Qf8 32. h3 Kh8 33. Rcd1 Rxc3 34. Rf7 Qg8 35. Rdd7 Rb8 36. Qe4 Rf8 37. Rfe7 Re8 38. Rf7 Rf8 39. Qd5 Rxf7 40. Qxf7 Qxf7 41. Rxf7 h5 42. Kf1 Rc1+ 43. Ke2 e4 44. f3 Rc2+ 45. Kf1 exf3 46. gxf3 Rh2 47. Kg1 Rxh3 48. Kg2 Rh4 49. e4 Kg8 50. Rb7 Kh7 51. Rb1 g5 52. Re1 Kh6 53. e5 fxe5 54. Rxe5 Kg6 55. Kg3 Rb4 56. Rc5 Rb6 57. Ra5 Rf6 58. Rb5 Kh6 59. Ra5 1/2-1/2

[Event "Dhaka Metropolis op U2100"]
[Site "Dhaka"]
[Date "2022.10.20"]
[Round "4"]
[White "Md Sajidul, Haque"]
[Black "Yasir Ali, Khan Evan"]
[Result "1/2-1/2"]
[WhiteElo "2010"]
[BlackElo "1899"]
[PlyCount "214"]
[EventDate "2022.10.17"]
[EventType "swiss"]
[EventRounds "9"]
[EventCountry "BAN"]
[SourceTitle "EXT 2024"]
[Source "ChessBase"]
[SourceDate "2023.10.10"]
[SourceVersion "1"]
[SourceVersionDate "2023.10.10"]
[SourceQuality "1"]

1. d4 Nf6 2. Bf4 d6 3. e3 g6 4. Nd2 Bg7 5. h3 0-0 6. Bd3 Nc6 7. c3 e5 8. Bg5 exd4 9. exd4 Re8+ 10. Ne2 h6 11. Bh4 Qe7 12. 0-0 Bf5 13. Bxf5 Qxe2 14. Bc2 Nh5 15. Bb3 g5 16. Bg3 Re7 17. Bh2 Rae8 18. d5 Nb8 19. Ba4 Qxd1 20. Raxd1 Nd7 21. Nc4 a6 22. Ne3 b5 23. Bc2 Nb6 24. Rd2 Nc4 25. Nxc4 bxc4 26. Ba4 Rb8 27. Rc1 Nf4 28. Bxf4 gxf4 29. Kf1 Kf8 30. Re1 Rxe1+ 31. Kxe1 Be5 32. Ke2 Ke7 33. Kf3 f5 34. Bd1 Rb5 35. Be2 Rc5 36. Bf1 c6 37. dxc6 Ke6 38. g3 fxg3 39. fxg3 Rxc6 40. g4 f4 41. h4 d5 42. g5 hxg5 43. hxg5 Rc7 44. Kg4 Rc5 45. Bg2 a5 46. a4 Bd6 47. Kh5 Be7 48. Re2+ Kd6 49. Rd2 Ke6 50. Bh3+ Kf7 51. Rd4 Bd6 52. g6+ Kg7 53. Bg2 Be5 54. Rxd5 Rxd5 55. Bxd5 f3 56. Kg4 Kxg6 57. Kxf3 Kf5 58. Bxc4 Bf4 59. Ke2 Ke5 60. Kd3 Bc1 61. b4 axb4 62. cxb4 Ba3 63. Kc3 Kd6 64. a5 Kc6 65. Kb3 Bc1 66. Bf7 Bd2 67. Be8+ Kb7 68. Ka4 Be3 69. Bg6 Bg5 70. Be4+ Ka7 71. Kb5 Be7 72. Kc4 Bd8 73. Bf5 Ka6 74. Bc8+ Ka7 75. Kb5 Be7 76. Bg4 Bd6 77. Bf3 Be7 78. Be2 Bd6 79. Kc4 Be7 80. Bf1 Bd6 81. Kb5 Bc7 82. Kc4 Bd6 83. Kc3 Be7 84. Kb3 Bd6 85. Bh3 Be7 86. Bc8 Bd6 87. Kc4 Be7 88. Kb5 Bd6 89. Bd7 Be7 90. Kc4 Bd6 91. Bc6 Be7 92. Kb5 Bd8 93. Bf3 Be7 94. Bg2 Bd6 95. Kc4 Be7 96. Bh3 Bd6 97. Bc8 Be7 98. Kb3 Bd8 99. Ka3 Be7 100. Ka4 Bd8 101. b5 Bc7 102. Kb4 Bd6+ 103. Kb3 Bc7 104. Ka4 Bd8 105. Ba6 Bc7 106. Kb4 Bd6+ 107. Kc4 Bc7 1/2-1/2

[Event "Dhaka Metropolis op U2100"]
[Site "Dhaka"]
[Date "2022.10.19"]
[Round "3"]
[White "Nasim Hossain, Bhuiyan"]
[Black "Md Sajidul, Haque"]
[Result "0-1"]
[WhiteElo "1782"]
[BlackElo "2010"]
[PlyCount "72"]
[EventDate "2022.10.17"]
[EventType "swiss"]
[EventRounds "9"]
[EventCountry "BAN"]
[SourceTitle "EXT 2024"]
[Source "ChessBase"]
[SourceDate "2023.10.10"]
[SourceVersion "1"]
[SourceVersionDate "2023.10.10"]
[SourceQuality "1"]

1. d4 d5 2. Bf4 Nf6 3. e3 e6 4. h3 c5 5. c3 Nc6 6. Nf3 Bd6 7. Bxd6 Qxd6 8. Bd3 e5 9. dxe5 Nxe5 10. Nxe5 Qxe5 11. Bb5+ Bd7 12. Bxd7+ Nxd7 13. Nd2 0-0 14. 0-0 Rfd8 15. Nf3 Qe4 16. Qb3 Rab8 17. Rad1 Nb6 18. Qa3 Na4 19. Ng5 Qe8 20. b4 b5 21. bxc5 Rbc8 22. Rd4 h6 23. Nf3 Qc6 24. c4 dxc4 25. Rfd1 Re8 26. Rd5 Nxc5 27. Qxa7 Nd3 28. Rd7 Qf6 29. Qd4 b4 30. Qxf6 gxf6 31. Nd4 Red8 32. Rxd8+ Rxd8 33. Nc6 Ra8 34. Rb1 c3 35. Nd4 Rb8 36. Rb3 Nc1 0-1

[Event "BAN-chT2"]
[Site "Dhaka"]
[Date "2022.07.25"]
[Round "8.4"]
[White "Md Sajidul, Haque"]
[Black "Reasat, E Noor"]
[Result "1-0"]
[WhiteElo "1875"]
[BlackElo "1844"]
[PlyCount "191"]
[EventDate "2022.07.18"]
[EventType "team-swiss"]
[EventRounds "9"]
[EventCountry "BAN"]
[SourceTitle "EXT 2023"]
[Source "ChessBase"]
[SourceDate "2022.10.05"]
[SourceVersion "1"]
[SourceVersionDate "2022.10.05"]
[SourceQuality "1"]
[WhiteTeam "Sports Bangla"]
[BlackTeam "Bangladesh Chess Arena"]
[WhiteTeamCountry "BAN"]
[BlackTeamCountry "BAN"]

1. e4 c6 2. d4 d5 3. Nc3 dxe4 4. Nxe4 Nf6 5. Nxf6+ exf6 6. Be3 Bd6 7. Bd3 0-0 8. Ne2 Bf5 9. Bc4 b5 10. Bb3 a5 11. a4 b4 12. c4 Nd7 13. Ng3 Bg6 14. Qg4 c5 15. 0-0-0 cxd4 16. Rxd4 Nc5 17. Bc2 Qc7 18. Nf5 Be5 19. Rd5 Ne6 20. g3 b3 21. Bd3 Rfd8 22. Kb1 Bxf5 23. Qxf5 g6 24. Qe4 Re8 25. c5 Rad8 26. f4 Rxd5 27. Qxd5 Rd8 28. Qe4 Bd4 29. Rc1 Nxc5 30. Qf3 Qd6 31. Bb5 Ne6 32. Rc6 Qb4 33. Bc1 Nc5 34. Qe2 Nxa4 35. Bd2 Qf8 36. Bxa4 Ra8 37. Rc7 Rc8 38. Rxc8 Qxc8 39. Qe8+ Qxe8 40. Bxe8 Bg1 41. h3 Bh2 42. g4 Kf8 43. Ba4 Ke7 44. Bxb3 f5 45. g5 f6 46. gxf6+ Kxf6 47. Bc3+ Ke7 48. Bg8 Bxf4 49. Bxh7 Kf7 50. h4 Bc7 51. h5 gxh5 52. Bxf5 Ke7 53. Ka2 Kd6 54. Kb3 Kc5 55. Ka4 h4 56. Bxa5 Be5 57. b4+ Kc6 58. b5+ Kb7 59. Be4+ Kb8 60. Bd8 h3 61. Ka5 h2 62. Ka6 Bd4 63. b6 Be5 64. Bg5 Bd6 65. Be3 Kc8 66. b7+ Kd7 67. Ka7 Ke6 68. b8Q Bxb8+ 69. Kxb8 Ke5 70. Bg2 Kf5 71. Bb6 Kg4 72. Bh1 Kg3 73. Kc7 Kf4 74. Kd6 Kf5 75. Kd5 Kg4 76. Ke4 Kg3 77. Bc7+ Kh3 78. Kf3 Kh4 79. Bxh2 Kg5 80. Ke4 Kg4 81. Bf4 Kh4 82. Bf3 Kh3 83. Bc7 Kh4 84. Kf4 Kh3 85. Bb6 Kh2 86. Be4 Kh3 87. Bg1 Kh4 88. Bg2 Kh5 89. Kf5 Kh6 90. Bf3 Kg7 91. Bc5 Kf7 92. Bh5+ Kg7 93. Kg5 Kh8 94. Kg6 Kg8 95. Bf3 Kh8 96. Bd6 1-0

[Event "BAN-chT2"]
[Site "Dhaka"]
[Date "2022.07.19"]
[Round "2.3"]
[White "Yasin, Arafat"]
[Black "Md Sajidul, Haque"]
[Result "1-0"]
[WhiteElo "1831"]
[BlackElo "1875"]
[PlyCount "89"]
[EventDate "2022.07.18"]
[EventType "team-swiss"]
[EventRounds "9"]
[EventCountry "BAN"]
[SourceTitle "EXT 2023"]
[Source "ChessBase"]
[SourceDate "2022.10.05"]
[SourceVersion "1"]
[SourceVersionDate "2022.10.05"]
[SourceQuality "1"]
[WhiteTeam "Dipali Memorial Club"]
[BlackTeam "Sports Bangla"]
[WhiteTeamCountry "BAN"]
[BlackTeamCountry "BAN"]

1. d4 d5 2. c4 c6 3. Nf3 Nf6 4. Nc3 h6 5. cxd5 cxd5 6. Bf4 e6 7. e3 Nc6 8. Bb5 a6 9. Bxc6+ bxc6 10. 0-0 Nh5 11. Be5 Bd6 12. Bxd6 Qxd6 13. Ne5 Nf6 14. Na4 Nd7 15. f4 Nxe5 16. fxe5 Qe7 17. Qc2 Bd7 18. Rac1 0-0 19. Qc5 Qg5 20. Rf3 f6 21. Rg3 Qh5 22. Nb6 Rad8 23. exf6 g5 24. Qe7 Qf7 25. Rf1 Rfe8 26. Qd6 c5 27. Nxd7 cxd4 28. h4 e5 29. hxg5 Rxd7 30. Qc6 Rc7 31. Qa4 Rc4 32. Qd1 Re6 33. g6 Qf8 34. f7+ Kg7 35. Qg4 Rcc6 36. exd4 e4 37. Qf4 Rxg6 38. Qe5+ Kh7 39. Rxg6 Rxg6 40. Qxd5 e3 41. Qe4 Kg7 42. Qe5+ Kh7 43. Qxe3 Rg5 44. Qe6 Qg7 45. Qe4+ 1-0

[Event "Dhaka Chowdhury Memorial op-B 2nd"]
[Site "Dhaka"]
[Date "2022.07.07"]
[Round "8"]
[White "Abdul, Momin"]
[Black "Md Sajidul, Haque"]
[Result "1-0"]
[WhiteElo "1915"]
[BlackElo "1875"]
[PlyCount "103"]
[EventDate "2022.07.02"]
[EventType "swiss"]
[EventRounds "9"]
[EventCountry "BAN"]
[SourceTitle "EXT 2023"]
[Source "ChessBase"]
[SourceDate "2022.10.05"]
[SourceVersion "1"]
[SourceVersionDate "2022.10.05"]
[SourceQuality "1"]

1. e4 c6 2. d4 d5 3. Nc3 dxe4 4. Nxe4 Nf6 5. Ng3 Bg4 6. f3 Bd7 7. Bc4 e6 8. f4 Bd6 9. Nf3 c5 10. 0-0 b5 11. Bd3 Qb6 12. dxc5 Bxc5+ 13. Kh1 Ng4 14. Ne4 Nc6 15. Qe2 Nb4 16. Ne5 Nxe5 17. fxe5 Nxd3 18. cxd3 Bc6 19. d4 Be7 20. Qg4 h5 21. Qf4 0-0-0 22. Nd6+ Bxd6 23. exd6 Qb7 24. Rf2 h4 25. h3 Qd7 26. Be3 Qxd6 27. Qxd6 Rxd6 28. Rxf7 Rd7 29. Raf1 Rhd8 30. b4 a6 31. Kg1 g6 32. a3 Rg8 33. Rf8+ Rxf8 34. Rxf8+ Kb7 35. Rf6 Rg7 36. Bg5 Bd5 37. Bxh4 Kc6 38. Rf8 Be4 39. Bf6 Rh7 40. h4 Rh5 41. g4 Rh7 42. Kf2 Ra7 43. Ke3 Bb1 44. Kf4 a5 45. Ke5 axb4 46. axb4 Ra2 47. Kxe6 Re2+ 48. Be5 Ba2+ 49. Ke7 Kd5 50. Rc8 Bc4 51. Kf6 Bd3 52. Rc5+ 1-0

[Event "Dhaka Chowdhury Memorial op-B 2nd"]
[Site "Dhaka"]
[Date "2022.07.03"]
[Round "2"]
[White "Shawkat, Ali Sheikh"]
[Black "Md Sajidul, Haque"]
[Result "0-1"]
[WhiteElo "1703"]
[BlackElo "1875"]
[PlyCount "66"]
[EventDate "2022.07.02"]
[EventType "swiss"]
[EventRounds "9"]
[EventCountry "BAN"]
[SourceTitle "EXT 2023"]
[Source "ChessBase"]
[SourceDate "2022.10.05"]
[SourceVersion "1"]
[SourceVersionDate "2022.10.05"]
[SourceQuality "1"]

1. e4 c6 2. d4 d5 3. e5 Bf5 4. Bd3 Bxd3 5. Qxd3 e6 6. Ne2 Nd7 7. 0-0 Ne7 8. f4 h5 9. Nd2 Nf5 10. Ng3 Nxd4 11. c3 h4 12. cxd4 hxg3 13. Qxg3 g6 14. Nf3 Be7 15. Bd2 c5 16. Bc3 c4 17. a4 a6 18. a5 Nb8 19. Nd2 Nc6 20. Qf3 b5 21. axb6 Qxb6 22. Qe3 Kd7 23. Rfb1 Rhb8 24. b3 cxb3 25. Rxb3 Qa7 26. Rxb8 Rxb8 27. Qd3 a5 28. Kf1 Bb4 29. Nb3 Bxc3 30. Qxc3 Qa6+ 31. Kf2 Qc4 32. Qxc4 dxc4 33. Nxa5 Ra8 0-1